[Event "Sitges Sunway op-A 5th"]
[Site "Sitges"]
[Date "2018.12.23"]
[Round "10"]
[White "Stella, Andrea"]
[Black "Korobkov, Piotr"]
[Result "1/2-1/2"]
[WhiteElo "2503"]
[BlackElo "2398"]
[PlyCount "57"]
[EventDate "2018.12.14"]
[EventType "swiss"]
[EventRounds "10"]
[EventCountry "ESP"]
[SourceTitle "CBM 187 Extra"]
[Source "ChessBase"]
[SourceDate "2018.11.04"]
[SourceVersion "1"]
[SourceVersionDate "2018.11.04"]
[SourceQuality "1"]

1. d4 Nf6 2. c4 e6 3. Nc3 Bb4 4. e3 0-0 5. Bd3 c5 6. a3 Bxc3+ 7. bxc3 Nc6 8. Rb1 b6 9. e4 e5 10. d5 Ne7 11. Ne2 Ne8 12. 0-0 d6 13. Ng3 Ng6 14. Nf5 Nf4 15. Bc2 g6 16. Ng3 Qh4 17. a4 f5 18. exf5 gxf5 19. a5 bxa5 20. Ba4 Nf6 21. Bxf4 exf4 22. Bc6 Ng4 23. h3 fxg3 24. fxg3 Qxg3 25. hxg4 Qe3+ 26. Kh1 Qh6+ 27. Kg1 Qe3+ 28. Rf2 fxg4 29. Qe1 1/2-1/2

[Event "Palmanova op 7th"]
[Site "Palmanova"]
[Date "2018.12.09"]
[Round "5"]
[White "Korobkov, Piotr"]
[Black "Beletic, Daniel"]
[Result "1-0"]
[WhiteElo "2398"]
[BlackElo "2365"]
[PlyCount "59"]
[EventDate "2018.12.07"]
[EventType "swiss"]
[EventRounds "5"]
[EventCountry "ITA"]
[SourceTitle "CBM 187 Extra"]
[Source "ChessBase"]
[SourceDate "2018.11.04"]
[SourceVersion "1"]
[SourceVersionDate "2018.11.04"]
[SourceQuality "1"]

1. d4 d6 2. Nf3 g6 3. c4 Bg7 4. Nc3 Bg4 5. g3 Bxf3 6. exf3 c6 7. Be3 e6 8. d5 exd5 9. cxd5 Ne7 10. Bd4 Bxd4 11. Qxd4 0-0 12. Bh3 Nxd5 13. Nxd5 cxd5 14. 0-0 Nc6 15. Qxd5 Qf6 16. f4 Rad8 17. Rfd1 Rfe8 18. Rd2 Re7 19. Rad1 Rc7 20. Qb3 Na5 21. Qb4 Nc4 22. Rd4 d5 23. Rxd5 Rxd5 24. Rxd5 Nxb2 25. Re5 Rc1+ 26. Bf1 Qa6 27. Re8+ Kg7 28. Qf8+ Kf6 29. Qh8+ Kf5 30. Qe5+ 1-0

[Event "Moscow Aeroflot op-B 17th"]
[Site "Moscow"]
[Date "2018.02.28"]
[Round "9"]
[White "Korobkov, Piotr"]
[Black "Pranav, Anand"]
[Result "1/2-1/2"]
[WhiteElo "2416"]
[BlackElo "2024"]
[PlyCount "50"]
[EventDate "2018.02.20"]
[EventType "swiss"]
[EventRounds "9"]
[EventCountry "RUS"]
[SourceTitle "CBM 183 Extra"]
[Source "ChessBase"]
[SourceDate "2018.04.19"]
[SourceVersion "1"]
[SourceVersionDate "2018.04.19"]
[SourceQuality "1"]

1. d4 d5 2. c4 e6 3. Nc3 Nf6 4. cxd5 exd5 5. Bg5 c6 6. e3 Be7 7. Bd3 Nbd7 8. Qc2 h6 9. Bh4 Nh5 10. Bxe7 Qxe7 11. 0-0-0 Nb6 12. h3 Be6 13. Nf3 0-0-0 14. Kb1 Kb8 15. Na4 Nxa4 16. Qxa4 Nf6 17. Rc1 Ne4 18. Bxe4 dxe4 19. Ne5 Rd5 20. Rc3 Rb5 21. Rhc1 Rd5 22. f4 Rhd8 23. Qa3 Qh4 24. Rc5 Rxc5 25. Qxc5 Qf6 1/2-1/2

[Event "Moscow Aeroflot op-B 17th"]
[Site "Moscow"]
[Date "2018.02.27"]
[Round "8"]
[White "Kathmale, Sameer"]
[Black "Korobkov, Piotr"]
[Result "1/2-1/2"]
[WhiteElo "2320"]
[BlackElo "2416"]
[PlyCount "91"]
[EventDate "2018.02.20"]
[EventType "swiss"]
[EventRounds "9"]
[EventCountry "RUS"]
[SourceTitle "CBM 183 Extra"]
[Source "ChessBase"]
[SourceDate "2018.04.19"]
[SourceVersion "1"]
[SourceVersionDate "2018.04.19"]
[SourceQuality "1"]

1. e4 c6 2. d4 d5 3. Nd2 dxe4 4. Nxe4 Bf5 5. Ng3 Bg6 6. c3 e6 7. Nh3 Nf6 8. Nf4 Nd5 9. h4 Nxf4 10. Bxf4 h6 11. h5 Bh7 12. Bd3 Bxd3 13. Qxd3 c5 14. 0-0-0 cxd4 15. Bxb8 Rxb8 16. Qb5+ Qd7 17. Qxd7+ Kxd7 18. Rxd4+ Kc6 19. Rc4+ Kb6 20. Rf4 f6 21. Re4 e5 22. Rd1 Bc5 23. b4 Bxf2 24. Nh1 f5 25. Rxe5 Bh4 26. Rd6+ Kc7 27. Rd4 Bg5+ 28. Kc2 Rbe8 29. Rxf5 Re2+ 30. Kb3 Bf6 31. Rc4+ Kb8 32. Nf2 a6 33. Re4 Rd2 34. Ng4 Rxg2 35. Nxf6 gxf6 36. Rxf6 Rg5 37. Rh4 a5 38. bxa5 Rxa5 39. Rf7 Rc8 40. Rh7 Rac5 41. Rxh6 Rxc3+ 42. Kb4 Rc1 43. Rg6 Rb1+ 44. Ka4 Rc2 45. a3 Rc5 46. Rb4 1/2-1/2

[Event "Moscow Aeroflot op-B 17th"]
[Site "Moscow"]
[Date "2018.02.25"]
[Round "6"]
[White "Pogosyan, Stefan"]
[Black "Korobkov, Piotr"]
[Result "1/2-1/2"]
[WhiteElo "2340"]
[BlackElo "2416"]
[PlyCount "52"]
[EventDate "2018.02.20"]
[EventType "swiss"]
[EventRounds "9"]
[EventCountry "RUS"]
[SourceTitle "CBM 183 Extra"]
[Source "ChessBase"]
[SourceDate "2018.04.19"]
[SourceVersion "1"]
[SourceVersionDate "2018.04.19"]
[SourceQuality "1"]

1. d4 f5 2. Bg5 Nf6 3. Nc3 d5 4. Bxf6 exf6 5. e3 c6 6. Bd3 Qb6 7. Na4 Qa5+ 8. c3 b5 9. Nc5 Bxc5 10. dxc5 b4 11. cxb4 Qxb4+ 12. Qd2 Qxc5 13. Ne2 Qb6 14. Rc1 g6 15. Qc3 0-0 16. Nd4 f4 17. exf4 Re8+ 18. Ne2 Ba6 19. 0-0 Rxe2 20. Bxe2 Bxe2 21. Qxf6 Bxf1 22. Qe6+ Kf8 23. Qd6+ Kg8 24. Qe6+ Kf8 25. Qd6+ Kg8 26. Qe6+ Kf8 1/2-1/2

[Event "Moscow Aeroflot op-A 14th"]
[Site "Moscow"]
[Date "2015.04.02"]
[Round "7"]
[White "Korobkov, Piotr"]
[Black "Ankit, R Rajpara"]
[Result "1/2-1/2"]
[WhiteElo "2423"]
[BlackElo "2477"]
[PlyCount "96"]
[EventDate "2015.03.27"]
[EventType "swiss"]
[EventRounds "9"]
[EventCountry "RUS"]
[SourceTitle "CBM 166"]
[Source "ChessBase"]
[SourceDate "2015.05.11"]
[SourceVersion "1"]
[SourceVersionDate "2015.05.11"]
[SourceQuality "1"]

1. d4 d5 2. Bg5 f6 3. Bh4 c5 4. c3 Nc6 5. e3 Nh6 6. Nd2 Nf5 7. Bg3 h5 8. h3 Nxg3 9. fxg3 e5 10. dxe5 Nxe5 11. Ngf3 Bd6 12. Nxe5 Bxe5 13. Qf3 Qb6 14. 0-0-0 Be6 15. Bd3 0-0-0 16. Bf5 Kb8 17. Bxe6 Qxe6 18. e4 d4 19. c4 Rh6 20. g4 hxg4 21. hxg4 Rdh8 22. Rh5 g6 23. Rxh6 Rxh6 24. g5 Rh5 25. gxf6 Qxf6 26. Rf1 Qxf3 27. Nxf3 Bf4+ 28. Kc2 g5 29. b4 b6 30. Kd3 Kc7 31. e5 Kd7 32. Ke4 Ke6 33. g4 Rh3 34. a4 d3 35. Kxd3 Rg3 36. bxc5 bxc5 37. a5 Rxg4 38. Rh1 Kf5 39. Rh7 Rg3 40. Ke2 Ke4 41. Nd2+ Kxe5 42. Nf3+ Kf5 43. Rxa7 Kg4 44. Nh2+ Kh3 45. Nf3 Rg2+ 46. Kd3 g4 47. Ne1 Ra2 48. a6 Kg3 1/2-1/2

[Event "Moscow Aeroflot op-A 14th"]
[Site "Moscow"]
[Date "2015.03.28"]
[Round "2"]
[White "Salem, AR Saleh"]
[Black "Korobkov, Piotr"]
[Result "1-0"]
[WhiteElo "2603"]
[BlackElo "2423"]
[PlyCount "53"]
[EventDate "2015.03.27"]
[EventType "swiss"]
[EventRounds "9"]
[EventCountry "RUS"]
[SourceTitle "CBM 166"]
[Source "ChessBase"]
[SourceDate "2015.05.11"]
[SourceVersion "1"]
[SourceVersionDate "2015.05.11"]
[SourceQuality "1"]

1. e4 e5 2. Nf3 Nf6 3. Nxe5 d6 4. Nf3 Nxe4 5. d4 Be7 6. Bd3 Nf6 7. 0-0 0-0 8. Re1 Re8 9. h3 Nbd7 10. c4 c6 11. Nc3 a6 12. Qc2 b5 13. b3 bxc4 14. bxc4 h6 15. Bf4 Bf8 16. Rxe8 Qxe8 17. Re1 Qd8 18. Ne4 Nb6 19. Nxf6+ Qxf6 20. Bxd6 Qxd6 21. c5 Qd8 22. cxb6 Be6 23. Bh7+ Kh8 24. Rxe6 fxe6 25. Ne5 Qf6 26. b7 Rd8 27. Bg6 1-0

[Event "EU-Cup 27th"]
[Site "Rogaska Slatina"]
[Date "2011.09.26"]
[Round "2"]
[White "Bucinskas, Valdas"]
[Black "Korobkov, Piotr"]
[Result "1/2-1/2"]
[WhiteElo "2376"]
[BlackElo "2460"]
[PlyCount "106"]
[EventDate "2011.09.25"]
[EventType "team-swiss"]
[EventRounds "7"]
[EventCountry "SLO"]
[SourceTitle "CBM 145"]
[Source "ChessBase"]
[SourceDate "2011.11.11"]
[SourceVersion "1"]
[SourceVersionDate "2011.11.11"]
[SourceQuality "1"]
[WhiteTeam "Vilnius"]
[BlackTeam "Shtrafbat"]
[WhiteTeamCountry "LTU"]
[BlackTeamCountry "UKR"]

1. e4 c5 2. Nf3 a6 3. c4 d6 4. d4 cxd4 5. Nxd4 Nf6 6. Nc3 e6 7. Be2 b6 8. 0-0 Bb7 9. f3 Be7 10. Be3 0-0 11. Qe1 Nbd7 12. Qf2 Qc7 13. Rfc1 Rfe8 14. Rab1 Rac8 15. b4 Qb8 16. Na4 Qa8 17. Nb3 Rb8 18. Kh1 b5 19. cxb5 axb5 20. Nc3 d5 21. Nxb5 Qxa2 22. Na5 Rec8 23. e5 Nxe5 24. Bd4 Rxc1+ 25. Rxc1 Ned7 26. Rc7 Ba6 27. Nc3 Qa1+ 28. Nd1 Qb1 29. Bxf6 Bxf6 30. Rxd7 Bxe2 31. Qxe2 Rxb4 32. Rxd5 h6 33. Rd7 Rb2 34. Rd2 Rb8 35. Nc4 Rc8 36. h3 Bg5 37. Rd4 Bf6 38. Nd2 Qa1 39. Rd3 Rc2 40. Qf1 h5 41. Ne4 Bd4 42. h4 Qa6 43. Ne3 Rc1 44. Qxc1 Qxd3 45. Qc8+ Kh7 46. Ng5+ Kg6 47. Qc2 Qxc2 48. Nxc2 Bf2 49. Ne4 Bxh4 50. Kg1 Be7 51. Kf2 f5 52. Nc3 Kf6 53. Ke3 g5 1/2-1/2

[Event "Moscow Aeroflot op-B 10th"]
[Site "Moscow"]
[Date "2011.02.15"]
[Round "8"]
[White "Korobkov, Piotr"]
[Black "Antipov, Mikhail Al"]
[Result "0-1"]
[WhiteElo "2492"]
[BlackElo "2358"]
[PlyCount "88"]
[EventDate "2011.02.08"]
[EventType "swiss"]
[EventRounds "9"]
[EventCountry "RUS"]
[SourceTitle "CBM 140 Extra"]
[Source "ChessBase"]
[SourceDate "2011.03.01"]
[SourceVersion "1"]
[SourceVersionDate "2011.03.01"]
[SourceQuality "1"]

1. Nf3 Nf6 2. c4 c6 3. b3 d5 4. Bb2 Bg4 5. e3 e6 6. h3 Bh5 7. Nc3 Nbd7 8. g4 Bg6 9. Nh4 Qa5 10. Nxg6 hxg6 11. a3 g5 12. b4 Qd8 13. d4 a6 14. c5 g6 15. f4 Ne4 16. Nxe4 dxe4 17. d5 gxf4 18. dxc6 Qh4+ 19. Kd2 bxc6 20. Kc2 Be7 21. exf4 Bf6 22. Qe1 Bxb2 23. Qxh4 Rxh4 24. Kxb2 f5 25. Rd1 e5 26. Rd6 exf4 27. Rxc6 fxg4 28. Rxg6 g3 29. Re6+ Kf8 30. Rxe4 Nf6 31. Rd4 Kf7 32. a4 Rah8 33. Bg2 f3 34. Rxh4 fxg2 35. Rg1 Rxh4 36. Rxg2 Rxh3 37. Kc3 Rh2 38. Rg1 g2 39. b5 axb5 40. axb5 Nd5+ 41. Kd2 Nf4 42. b6 Nh3 43. b7 Nxg1 44. b8Q Nf3+ 0-1

[Event "Moscow Aeroflot op-B 10th"]
[Site "Moscow"]
[Date "2011.02.13"]
[Round "6"]
[White "Zolotukhin, Valery"]
[Black "Korobkov, Piotr"]
[Result "0-1"]
[WhiteElo "2348"]
[BlackElo "2492"]
[PlyCount "62"]
[EventDate "2011.02.08"]
[EventType "swiss"]
[EventRounds "9"]
[EventCountry "RUS"]
[SourceTitle "CBM 140 Extra"]
[Source "ChessBase"]
[SourceDate "2011.03.01"]
[SourceVersion "1"]
[SourceVersionDate "2011.03.01"]
[SourceQuality "1"]

1. e4 c5 2. Nf3 Nc6 3. d4 cxd4 4. Nxd4 Qb6 5. Nb3 Nf6 6. Nc3 e6 7. Qe2 d6 8. g4 h6 9. h4 a6 10. Bh3 Nd7 11. Be3 Qc7 12. 0-0-0 b5 13. a3 b4 14. axb4 Nxb4 15. g5 Rb8 16. g6 Nf6 17. gxf7+ Kxf7 18. Rd4 Qb7 19. Qc4 d5 20. exd5 exd5 21. Qe2 Bxh3 22. Rxh3 Bd6 23. Rf3 Be5 24. Rxf6+ Bxf6 25. Qh5+ g6 26. Qf3 Kg7 27. Nc5 Qc6 28. Rf4 Rhe8 29. Qg4 Rxe3 30. fxe3 Qxc5 31. Qe6 Qe7 0-1

[Event "Moscow Aeroflot op-B 10th"]
[Site "Moscow"]
[Date "2011.02.12"]
[Round "5"]
[White "Nechaeva, Marina"]
[Black "Korobkov, Piotr"]
[Result "1-0"]
[WhiteElo "2404"]
[BlackElo "2492"]
[PlyCount "105"]
[EventDate "2011.02.08"]
[EventType "swiss"]
[EventRounds "9"]
[EventCountry "RUS"]
[SourceTitle "CBM 140 Extra"]
[Source "ChessBase"]
[SourceDate "2011.03.01"]
[SourceVersion "1"]
[SourceVersionDate "2011.03.01"]
[SourceQuality "1"]

1. d4 Nf6 2. c4 e6 3. Nc3 Bb4 4. Qc2 0-0 5. a3 Bxc3+ 6. Qxc3 d6 7. f3 c5 8. dxc5 dxc5 9. Bf4 Qe7 10. Rd1 Rd8 11. Rxd8+ Qxd8 12. Qd2 Qe8 13. Be5 Nc6 14. Bxf6 gxf6 15. Nh3 Qf8 16. Nf4 Qh6 17. e3 e5 18. Nd5 Be6 19. Be2 Rd8 20. 0-0 Bxd5 21. cxd5 Nd4 22. Bc4 Nf5 23. f4 Nd6 24. Ba2 b6 25. Bb1 e4 26. Rc1 f5 27. Ba2 Qf6 28. b4 Rc8 29. bxc5 Rxc5 30. h3 h6 31. Kh2 Kh7 32. Rxc5 bxc5 33. Qc1 Nb7 34. d6 Qxd6 35. Bxf7 Qc7 36. Be6 Nd6 37. Qc3 c4 38. Qe5 Qc6 39. Qf6 Qc7 40. Qf8 Kg6 41. g4 fxg4 42. hxg4 c3 43. Bb3 Nf7 44. Qe8 Kg7 45. Qxe4 Qd7 46. Kg3 Qd2 47. Kf3 Qc1 48. Qc2 Qe1 49. Qd1 Qh4 50. Qd4+ Kf8 51. Qc5+ Ke8 52. Ba4+ Kd8 53. Qf8+ 1-0

[Event "Moscow Aeroflot op-B 10th"]
[Site "Moscow"]
[Date "2011.02.11"]
[Round "4"]
[White "Korobkov, Piotr"]
[Black "Tologontegin, Semetey"]
[Result "1-0"]
[WhiteElo "2492"]
[BlackElo "2331"]
[PlyCount "75"]
[EventDate "2011.02.08"]
[EventType "swiss"]
[EventRounds "9"]
[EventCountry "RUS"]
[SourceTitle "CBM 140 Extra"]
[Source "ChessBase"]
[SourceDate "2011.03.01"]
[SourceVersion "1"]
[SourceVersionDate "2011.03.01"]
[SourceQuality "1"]

1. f4 d5 2. Nf3 Nf6 3. g3 c5 4. Bg2 e6 5. d3 b6 6. 0-0 Bb7 7. Qe1 Be7 8. e4 dxe4 9. Ng5 Nbd7 10. Nc3 0-0 11. dxe4 e5 12. Qe2 Qc8 13. Rd1 c4 14. Kh1 Re8 15. f5 h6 16. Nh3 a6 17. g4 b5 18. a3 Bc5 19. g5 hxg5 20. Bxg5 Bd4 21. Bf3 Bc6 22. Qg2 Kf8 23. Rab1 Nc5 24. Nf2 Bxf2 25. Bxf6 gxf6 26. Qxf2 Bb7 27. Rd6 Ke7 28. Rxf6 Rh8 29. Rb6 Nd7 30. f6+ Ke8 31. Rd6 Qc7 32. Rbd1 Nc5 33. Qg3 Nd3 34. Rd5 Nf4 35. Qg7 Rf8 36. Rd6 Nd3 37. Re6+ Kd8 38. Re7 1-0

[Event "Moscow Aeroflot op-B 10th"]
[Site "Moscow"]
[Date "2011.02.08"]
[Round "1"]
[White "Matinian, Nikita"]
[Black "Korobkov, Piotr"]
[Result "1-0"]
[WhiteElo "2339"]
[BlackElo "2492"]
[PlyCount "77"]
[EventDate "2011.02.08"]
[EventType "swiss"]
[EventRounds "9"]
[EventCountry "RUS"]
[SourceTitle "CBM 140 Extra"]
[Source "ChessBase"]
[SourceDate "2011.03.01"]
[SourceVersion "1"]
[SourceVersionDate "2011.03.01"]
[SourceQuality "1"]

1. e4 c6 2. d4 d5 3. e5 Bf5 4. Nf3 e6 5. Be2 Nd7 6. 0-0 h6 7. Nbd2 Ne7 8. Nb3 Bh7 9. a4 Ng6 10. Be3 Be7 11. Ne1 c5 12. f4 cxd4 13. Nxd4 0-0 14. g3 Bc5 15. c3 a6 16. Nd3 Bb6 17. Qd2 Ne7 18. g4 Nc5 19. Rad1 Nxa4 20. Rf3 Nc5 21. Nxc5 Bxc5 22. Rh3 Qd7 23. Rf1 f6 24. f5 Bxd4 25. cxd4 exf5 26. Bxh6 fxg4 27. Bxg4 Qxg4+ 28. Rg3 Qxg3+ 29. hxg3 gxh6 30. Qxh6 Nf5 31. Rxf5 Bxf5 32. exf6 Rf7 33. Qg5+ Kh8 34. Qxf5 Raf8 35. Qxd5 Kh7 36. g4 Rxf6 37. Qh1+ Kg8 38. Qxb7 Rg6 39. Qe4 1-0

[Event "Bansko op"]
[Site "Bansko"]
[Date "2010.12.17"]
[Round "7"]
[White "Korobkov, Piotr"]
[Black "Dobrev, Nanko"]
[Result "1-0"]
[WhiteElo "2484"]
[BlackElo "2376"]
[PlyCount "85"]
[EventDate "2010.12.13"]
[EventType "swiss"]
[EventRounds "9"]
[EventCountry "BUL"]
[SourceTitle "CBM 139 Extra"]
[Source "ChessBase"]
[SourceDate "2011.01.05"]
[SourceVersion "1"]
[SourceVersionDate "2011.01.05"]
[SourceQuality "1"]

1. d4 d5 2. c4 e6 3. Nf3 Nf6 4. g3 c6 5. Bg2 Nbd7 6. Nbd2 Bd6 7. 0-0 0-0 8. Qc2 b6 9. e4 dxe4 10. Nxe4 Nxe4 11. Qxe4 Bb7 12. b3 Nf6 13. Qh4 h6 14. Bb2 Qe7 15. Ne5 Rac8 16. Rae1 Rfd8 17. f4 Nd7 18. Qxe7 Bxe7 19. f5 Nf8 20. fxe6 fxe6 21. Rf7 Rc7 22. Bxc6 Ng6 23. Nxg6 Kxf7 24. Ne5+ Kg8 25. Bxb7 Rxb7 26. Nc6 Re8 27. Rxe6 Kf7 28. d5 Bf6 29. Bxf6 gxf6 30. Kf2 Rd7 31. Nd4 Rde7 32. Rxe7+ Rxe7 33. Nf5 Re5 34. Nxh6+ Kg6 35. Ng4 Re4 36. Ne3 f5 37. Kf3 Rd4 38. b4 Kf6 39. c5 Rxb4 40. c6 Rb1 41. c7 Rc1 42. d6 Ke6 43. Nxf5 1-0

[Event "Bansko op"]
[Site "Bansko"]
[Date "2010.12.16"]
[Round "5"]
[White "Korobkov, Piotr"]
[Black "Spasov, Vasil"]
[Result "1-0"]
[WhiteElo "2484"]
[BlackElo "2606"]
[PlyCount "67"]
[EventDate "2010.12.13"]
[EventType "swiss"]
[EventRounds "9"]
[EventCountry "BUL"]
[SourceTitle "CBM 139 Extra"]
[Source "ChessBase"]
[SourceDate "2011.01.05"]
[SourceVersion "1"]
[SourceVersionDate "2011.01.05"]
[SourceQuality "1"]

1. d4 Nf6 2. c4 g6 3. Nc3 Bg7 4. e4 d6 5. Be2 0-0 6. Be3 e5 7. d5 a5 8. g4 Na6 9. h4 Nc5 10. Bf3 c6 11. g5 Nfd7 12. dxc6 bxc6 13. Qxd6 Ne6 14. Nge2 c5 15. Bg4 Nd4 16. Bxd4 exd4 17. Nd5 Re8 18. Qc7 d3 19. Qxd8 Rxd8 20. Nec3 Ba6 21. Bxd7 Rxd7 22. Kd2 Bd4 23. Nb6 Rb7 24. Nxa8 Rxb2+ 25. Kxd3 Rxf2 26. Raf1 Rg2 27. Rf3 Bc8 28. Ne2 Be5 29. Rhf1 Be6 30. Nf4 Bxf4 31. Rxf4 Rxa2 32. Nc7 Ra3+ 33. Kc2 Bxc4 34. R1f3 1-0

[Event "Bansko op"]
[Site "Bansko"]
[Date "2010.12.15"]
[Round "4"]
[White "Ljangov, Petar"]
[Black "Korobkov, Piotr"]
[Result "0-1"]
[WhiteElo "2090"]
[BlackElo "2484"]
[PlyCount "74"]
[EventDate "2010.12.13"]
[EventType "swiss"]
[EventRounds "9"]
[EventCountry "BUL"]
[SourceTitle "CBM 139 Extra"]
[Source "ChessBase"]
[SourceDate "2011.01.05"]
[SourceVersion "1"]
[SourceVersionDate "2011.01.05"]
[SourceQuality "1"]

1. Nf3 f5 2. d4 Nf6 3. g3 g6 4. Bg2 Bg7 5. 0-0 0-0 6. c4 d6 7. Nc3 Qe8 8. d5 Na6 9. Nd4 Nc5 10. Re1 Qf7 11. Ndb5 Na6 12. Nd4 Nc5 13. Ncb5 e5 14. dxe6 Nxe6 15. Nxe6 Bxe6 16. Bxb7 Rab8 17. Bg2 Bxc4 18. Nc3 Ne4 19. Qc2 d5 20. f3 Nxc3 21. bxc3 Qf6 22. Bd2 Qb6+ 23. Kh1 Qb2 24. Rac1 Qxa2 25. Qxa2 Bxa2 26. Be3 a5 27. Bd4 a4 28. e4 fxe4 29. fxe4 dxe4 30. Bxe4 Rfe8 31. Bc6 Rxe1+ 32. Rxe1 a3 33. Be4 Bxd4 34. cxd4 Re8 35. Kg1 Bf7 36. Kf2 Kg7 37. Kf3 Bd5 0-1

[Event "EU-Cup 26th"]
[Site "Plovdiv"]
[Date "2010.10.21"]
[Round "5.1"]
[White "Sepp, Olav"]
[Black "Korobkov, Piotr"]
[Result "1-0"]
[WhiteElo "2485"]
[BlackElo "2491"]
[PlyCount "45"]
[EventDate "2010.10.17"]
[EventType "team-swiss"]
[EventRounds "7"]
[EventCountry "BUL"]
[SourceTitle "CBM 139"]
[Source "ChessBase"]
[SourceDate "2010.11.18"]
[SourceVersion "1"]
[SourceVersionDate "2010.11.18"]
[SourceQuality "1"]
[WhiteTeam "Etela Vantaan"]
[BlackTeam "Lugansk"]
[WhiteTeamCountry "FIN"]
[BlackTeamCountry "UKR"]

1. Nf3 Nf6 2. g3 b5 3. Bg2 Bb7 4. 0-0 e6 5. b3 Be7 6. c4 bxc4 7. bxc4 c5 8. Nc3 Nc6 9. Rb1 Rb8 10. d4 cxd4 11. Nxd4 0-0 12. Bf4 e5 13. Nxc6 Bxc6 14. Bxe5 Rxb1 15. Qxb1 Qa5 16. Bxf6 Bxf6 17. Nd5 Bxd5 18. Bxd5 Qc7 19. Qf5 Rb8 20. Be4 h6 21. Rd1 d6 22. c5 dxc5 23. Rd7 1-0

[Event "UKR-chT 17th"]
[Site "Alushta"]
[Date "2010.05.16"]
[Round "5.2"]
[White "Korobkov, Piotr"]
[Black "Kononenko, Dmitry"]
[Result "0-1"]
[WhiteElo "2494"]
[BlackElo "2576"]
[PlyCount "118"]
[EventDate "2010.05.13"]
[EventType "team-tourn"]
[EventRounds "11"]
[EventCountry "UKR"]
[SourceTitle "EXT 2019"]
[Source "ChessBase"]
[SourceDate "2018.10.10"]
[SourceVersion "1"]
[SourceVersionDate "2018.10.10"]
[SourceQuality "1"]
[WhiteTeam "Luhansk LugPokerChess"]
[BlackTeam "Rivne Bisons"]
[WhiteTeamCountry "UKR"]
[BlackTeamCountry "UKR"]

1. d4 Nf6 2. Nc3 d5 3. Bg5 c5 4. Nf3 Nc6 5. Bxf6 gxf6 6. e3 Bg4 7. dxc5 e6 8. Be2 Bxc5 9. Nd4 Bxe2 10. Ncxe2 Qb6 11. Nxc6 bxc6 12. b3 a5 13. 0-0 a4 14. c4 Ke7 15. Qc2 Rhb8 16. cxd5 axb3 17. axb3 cxd5 18. Rac1 Ba3 19. Rb1 f5 20. Qc3 Bd6 21. Qg7 Rg8 22. Qh6 Be5 23. b4 Ra4 24. Nf4 Bxf4 25. exf4 Rxb4 26. Qh4+ Kf8 27. Ra1 Qb8 28. Rfc1 Qxf4 29. Qf6 Rb8 30. g3 Qg5 31. Qe5 Re8 32. Rc7 Rg7 33. Qd6+ Kg8 34. Qd7 Qd8 35. Qc6 h5 36. Rca7 Qc8 37. Rc7 Qb8 38. Rb7 Qd8 39. Rd7 Qf6 40. Rda7 Rd8 41. Ra8 Kh7 42. Qc2 h4 43. Qe2 Rg4 44. Rxd8 Qxa1+ 45. Kg2 Qd4 46. Rd7 Kg6 47. f3 Rg5 48. Rd8 Kg7 49. Qa2 hxg3 50. hxg3 f4 51. g4 Re5 52. Qa3 Re2+ 53. Kh3 Qb2 54. Qf8+ Kg6 55. Qg8+ Qg7 56. Qxg7+ Kxg7 57. g5 f5 58. gxf6+ Kxf6 59. Rh8 Ke5 0-1

[Event "Moscow op-A"]
[Site "Moscow"]
[Date "2010.02.05"]
[Round "7"]
[White "Zhigalko, Sergei"]
[Black "Korobkov, Piotr"]
[Result "1-0"]
[WhiteElo "2668"]
[BlackElo "2482"]
[PlyCount "52"]
[EventDate "2010.01.30"]
[EventType "swiss"]
[EventRounds "9"]
[EventCountry "RUS"]
[SourceTitle "CBM 134 Extra"]
[Source "ChessBase"]
[SourceDate "2010.03.03"]
[SourceVersion "1"]
[SourceVersionDate "2010.03.03"]
[SourceQuality "1"]

1. e4 c6 2. d4 d5 3. e5 Bf5 4. Nf3 e6 5. Be2 Bb4+ 6. c3 Ba5 7. 0-0 Nd7 8. Re1 h6 9. Nbd2 Ne7 10. Nf1 Bg6 11. Nh4 Bh7 12. Ng3 Bb6 13. Bd3 Bxd3 14. Qxd3 g6 15. b4 a5 16. b5 c5 17. Ba3 Rc8 18. Rac1 Kf8 19. Re3 Kg7 20. Rf3 Nf8 21. Qe3 cxd4 22. Qf4 Nf5 23. Ngxf5+ exf5 24. Rg3 Kh7 25. Nxf5 g5 26. Qh4 Ra8 1-0

[Event "Moscow op-A"]
[Site "Moscow"]
[Date "2010.02.03"]
[Round "5"]
[White "Savchenko, Boris"]
[Black "Korobkov, Piotr"]
[Result "1/2-1/2"]
[WhiteElo "2638"]
[BlackElo "2482"]
[PlyCount "64"]
[EventDate "2010.01.30"]
[EventType "swiss"]
[EventRounds "9"]
[EventCountry "RUS"]
[SourceTitle "CBM 134 Extra"]
[Source "ChessBase"]
[SourceDate "2010.03.03"]
[SourceVersion "1"]
[SourceVersionDate "2010.03.03"]
[SourceQuality "1"]

1. e4 d5 2. exd5 Nf6 3. d4 Nxd5 4. c4 Nf6 5. Nf3 e6 6. Nc3 c5 7. Be2 a6 8. 0-0 cxd4 9. Nxd4 Bd7 10. Bf3 Nc6 11. Nxc6 Bxc6 12. Bxc6+ bxc6 13. Qf3 Qc7 14. b3 Bd6 15. g3 0-0 16. Bb2 Be5 17. Rfe1 Nd7 18. Kg2 Rad8 19. Rad1 c5 20. Na4 Bd4 21. Bxd4 cxd4 22. Rxd4 Ne5 23. Qe4 f5 24. Qxe5 Qxe5 25. Rxe5 Rxd4 26. Nc5 Rd2 27. a4 f4 28. g4 f3+ 29. Kg3 Rd1 30. a5 Rg1+ 31. Kh3 Rf4 32. g5 Rgg4 1/2-1/2

[Event "RUS Cup final"]
[Site "Serpukhov"]
[Date "2008.11.05"]
[Round "1.1"]
[White "Korobkov, Piotr"]
[Black "Vorobiov, Evgeny E"]
[Result "1-0"]
[WhiteElo "2509"]
[BlackElo "2577"]
[PlyCount "57"]
[EventDate "2008.11.05"]
[EventType "k.o."]
[EventRounds "6"]
[EventCountry "RUS"]
[SourceTitle "EXT 2009"]
[Source "ChessBase"]
[SourceDate "2008.11.26"]
[SourceVersion "1"]
[SourceVersionDate "2008.11.26"]
[SourceQuality "1"]

1. d4 d5 2. c4 dxc4 3. e4 e5 4. Nf3 exd4 5. Bxc4 Nc6 6. 0-0 Be6 7. Bb5 Bc5 8. b4 Bb6 9. a4 a6 10. Bxc6+ bxc6 11. a5 Ba7 12. Bb2 Qd6 13. Qc2 Rb8 14. Qd3 c5 15. bxc5 Bxc5 16. Bxd4 Rd8 17. Ra4 Bd7 18. Qc3 Bxa4 19. Bxc5 Qf6 20. Bd4 Rxd4 21. Nxd4 Ne7 22. e5 Qf4 23. Qc5 Bd7 24. Nc3 c6 25. g3 Qg4 26. Rb1 h5 27. Rb8+ Nc8 28. Nxc6 Qe6 29. Nd5 1-0

[Event "Zvenigorod Autumn op-A"]
[Site "Zvenigorod"]
[Date "2008.09.28"]
[Round "6"]
[White "Frolyanov, Dmitry"]
[Black "Korobkov, Piotr"]
[Result "1/2-1/2"]
[WhiteElo "2567"]
[BlackElo "2516"]
[PlyCount "47"]
[EventDate "2008.09.25"]
[EventType "swiss"]
[EventRounds "9"]
[EventCountry "RUS"]
[SourceTitle "EXT 2009"]
[Source "ChessBase"]
[SourceDate "2008.11.26"]
[SourceVersion "1"]
[SourceVersionDate "2008.11.26"]
[SourceQuality "1"]

1. e4 c5 2. Nf3 e6 3. d4 cxd4 4. Nxd4 a6 5. Bd3 Nf6 6. 0-0 Qc7 7. Qe2 Bd6 8. f4 Bc5 9. Be3 Qb6 10. c3 Nc6 11. Nd2 Nxd4 12. cxd4 Bxd4 13. Nc4 Bxe3+ 14. Kh1 Qd8 15. Qxe3 d5 16. exd5 Nxd5 17. Qh3 h6 18. Rad1 0-0 19. Ne5 Qc7 20. Qg3 Nf6 21. Rc1 Qb6 22. Nc4 Qc5 23. Ne5 Qb6 24. Nc4 1/2-1/2